STN EN ISO 3744 Akustika Určenie hladín akustického výkonu zdrojov hluku pomocou akustického tlaku. Technická metóda merania v prevažujúcom voľnom zvukovom poli nad rovinou odrážajúcou zvuk (ISO 3744:1994)

Bibliographic Details
Format: Book
Language:Undetermined
PhysicalDescription:48 s.
Published: Bratislava Úrad pre normalizáciu, metrológiu a skúšobníctvo SR 1999

MARC

LEADER 00000nam a2200000 a 4500
001 vtls001364103
003 SK-MaSNL
005 20260224065105.0
008 180126sm y0 xo 0 und
035 |a SNK000317740 
040 |a SNK  |b slo  |c SNK  |e AACR2 
044 |a xo  |c SK 
245 1 |a STN EN ISO 3744 Akustika  |b Určenie hladín akustického výkonu zdrojov hluku pomocou akustického tlaku. Technická metóda merania v prevažujúcom voľnom zvukovom poli nad rovinou odrážajúcou zvuk (ISO 3744:1994) 
260 |a Bratislava  |b Úrad pre normalizáciu, metrológiu a skúšobníctvo SR  |c 1999 
300 |a 48 s. 
999 |c 893530  |d 895460 
952 |t P60, <03>, [BOOK], {603}  |a SNK  |b SNK  |y PREZ  |7 0  |p 17A0194583  |o snkSTN EN ISO 3744  |i snkN 1481/99  |0 0  |1 0  |4 0  |d 1999-05-25  |l 0  |r 2005-01-02 00:00:00  |w 2026-02-24 
952 |t P60, <04>, [BOOK], {604}  |a SNK  |b SNK  |y VYP  |7 0  |p 17A0194582  |o snkSTN EN ISO 3744 D1  |i snkN 1482/99  |0 0  |1 0  |4 0  |d 1999-05-25  |l 0  |r 2005-01-02 00:00:00  |w 2026-02-24